000 00623cam a2200229 4500500
005 20260329003435.0
041 _afre
042 _adc
100 1 0 _aLegros, Martin
_eauthor
245 0 0 _aLa voie de la mesure
260 _c2015.
500 _a29
690 _aAvoir
690 _aÊtre
690 _aHeidegger
690 _amesure
690 _aPossession
690 _aPropriété
690 _aSénèque
786 0 _nPhilosophie magazine | 93 | 10 | 2015-10-01 | p. 30-31 | 1951-1787
856 4 1 _uhttps://shs.cairn.info/magazine-philosophie-magazine-2015-10-page-30?lang=fr&redirect-ssocas=7080
999 _c1824616
_d1824616